[Event "Montreal op U2000"]
[Site "Montreal"]
[Date "2016.09.11"]
[Round "5.36"]
[White "Lalumiere, Etienne"]
[Black "Marchand, Jacques"]
[Result "1/2-1/2"]
[WhiteElo "1595"]
[BlackElo "1933"]
[PlyCount "38"]
[EventDate "2016.09.09"]
[EventType "swiss"]
[EventRounds "5"]
[EventCountry "CAN"]
[SourceTitle "EXT 2022"]
[Source "ChessBase"]
[SourceDate "2021.10.06"]
[SourceVersion "1"]
[SourceVersionDate "2021.10.06"]
[SourceQuality "1"]

1. d4 d5 2. c4 e6 3. Nc3 c5 4. Nf3 cxd4 5. Nxd4 e5 6. Nf3 d4 7. Nd5 Ne7 8. Nxe5 Nxd5 9. cxd5 Qxd5 10. Nf3 Nc6 11. a3 Bg4 12. e3 0-0-0 13. h3 Qh5 14. Bd3 Bc5 15. 0-0 Bf5 16. Bxf5+ Qxf5 17. exd4 Nxd4 18. Nxd4 Rxd4 19. Qb3 Qd5 1/2-1/2

[Event "Montreal op U2000"]
[Site "Montreal"]
[Date "2016.09.10"]
[Round "3.3"]
[White "Langlois Remillard, Alexis"]
[Black "Lalumiere, Etienne"]
[Result "1-0"]
[WhiteElo "1873"]
[BlackElo "1595"]
[PlyCount "99"]
[EventDate "2016.09.09"]
[EventType "swiss"]
[EventRounds "5"]
[EventCountry "CAN"]
[SourceTitle "EXT 2022"]
[Source "ChessBase"]
[SourceDate "2021.10.06"]
[SourceVersion "1"]
[SourceVersionDate "2021.10.06"]
[SourceQuality "1"]

1. b3 d5 2. Bb2 Nf6 3. e3 c5 4. Nf3 Nc6 5. Bb5 Bg4 6. h3 Bf5 7. g4 Bg6 8. Ne5 Qc7 9. d3 Nd7 10. Bxc6 bxc6 11. Nxg6 hxg6 12. Nd2 e5 13. g5 Be7 14. Qg4 0-0-0 15. 0-0-0 Kb7 16. f4 Bd6 17. fxe5 Bxe5 18. Rdf1 Rhf8 19. Nf3 Bxb2+ 20. Kxb2 Ne5 21. Qf4 Rde8 22. h4 f6 23. Nxe5 Qxe5+ 24. Qxe5 fxe5 25. Kc3 Kc7 26. Kd2 Kd6 27. e4 Rf4 28. Ke3 Ref8 29. Rxf4 exf4+ 30. Kf3 d4 31. h5 Rh8 32. h6 gxh6 33. Rxh6 Rg8 34. Kxf4 Rg7 35. Rh8 Rf7+ 36. Kg3 Rg7 37. Rf8 Kd7 38. Rf6 Kc7 39. Kf4 Kd7 40. e5 Kc7 41. e6 Kd6 42. Rf7 Rg8 43. e7 Re8 44. Rg7 Rxe7 45. Rxe7 Kxe7 46. Ke5 a6 47. a3 a5 48. a4 Kf7 49. Kd6 Kf8 50. Kxc6 1-0